Effective, rational and humane criminal justice: report of the European Seminar held in Helsinki, Finland, 31 May - 3 June 1984
| Körperschaft: | |
|---|---|
| Medienart: | Druck Buch |
| Sprache: | Englisch Französisch Russisch |
| Veröffentlicht: |
Helsinki
HEUNI
1984
|
| In: |
Publication series / Helsinki Institute for Crime Prevention and Control affiliated with the United Nations & ... (3)
Jahr: 1984 |
| Bestand in Tübingen: | In Tübingen vorhanden. IFK: S 119 3 UB: KB 18 A 85 |
| Verfügbarkeit prüfen: | HBZ Gateway |
| Subito Bestelldienst: | Jetzt bestellen. |
| Schlagwörter: |
MARC
| LEADER | 00000cam a2200000 c 4500 | ||
|---|---|---|---|
| 001 | 115836284 | ||
| 003 | DE-627 | ||
| 005 | 20251222200353.0 | ||
| 007 | tu | ||
| 008 | 921202s1984 fi ||||| 00| ||eng c | ||
| 020 | |a 9514681959 |c pbk. |9 951-46-8195-9 | ||
| 035 | |a (DE-627)115836284 | ||
| 035 | |a (DE-576)02103544X | ||
| 035 | |a (DE-599)GBV115836284 | ||
| 035 | |a (OCoLC)831374570 | ||
| 035 | |a (OCoLC)12971773 | ||
| 035 | |a (DE-604)8034812741 | ||
| 040 | |a DE-627 |b ger |c DE-627 |e rakwb | ||
| 041 | |a eng |a fre |a rus | ||
| 044 | |c XA-FI | ||
| 050 | 0 | |a HV7243 | |
| 082 | 0 | |a 364/.94 | |
| 084 | |a PH 8000 |2 rvk |0 (DE-625)rvk/136482: | ||
| 084 | |a PH 6030 |2 rvk |0 (DE-625)rvk/136212: | ||
| 245 | 0 | 0 | |a Effective, rational and humane criminal justice |b report of the European Seminar held in Helsinki, Finland, 31 May - 3 June 1984 |c Helsinki Institute for Crime Prevention and Control |
| 264 | 1 | |a Helsinki |b HEUNI |c 1984 | |
| 300 | |a 314 S. |c 25 cm | ||
| 336 | |a Text |b txt |2 rdacontent | ||
| 337 | |a ohne Hilfsmittel zu benutzen |b n |2 rdamedia | ||
| 338 | |a Band |b nc |2 rdacarrier | ||
| 490 | 1 | |a Publication series / Helsinki Institute for Crime Prevention and Control, affiliated with the United Nations |v 3 | |
| 500 | |a Text teilw. engl., franz. u. russ | ||
| 546 | |a Text engl., franz., russ. - Teilw. in kyrill. Schr. | ||
| 583 | 1 | |a Archivierung prüfen |c 20200919 |f DE-640 |z 3 |2 pdager | |
| 653 | 0 | |a Criminal justice, Administration of |a Congresses | |
| 653 | 0 | |a Criminal justice, Administration of |a Europe |a Congresses | |
| 655 | 7 | |a Konferenzschrift |0 (DE-588)1071861417 |0 (DE-627)826484824 |0 (DE-576)433375485 |2 gnd-content | |
| 655 | 7 | |a Konferenzschrift |y 1984 |z Helsinki |0 (DE-588)1071861417 |0 (DE-627)826484824 |0 (DE-576)433375485 |2 gnd-content | |
| 689 | 0 | 0 | |d s |0 (DE-588)4057789-2 |0 (DE-627)106149466 |0 (DE-576)209123729 |a Strafgerichtsbarkeit |2 gnd |
| 689 | 0 | 1 | |d s |0 (DE-588)4115712-6 |0 (DE-627)104262664 |0 (DE-576)209495464 |a Rechtsvergleich |2 gnd |
| 689 | 0 | |5 (DE-627) | |
| 710 | 2 | |a Helsinki Institute for Crime Prevention and Control |0 (DE-588)516354-7 |0 (DE-627)101586590 |0 (DE-576)193046083 |4 oth | |
| 810 | 2 | |a Helsinki Institute for Crime Prevention and Control |t Publication series / Helsinki Institute for Crime Prevention and Control affiliated with the United Nations & ... |v 3 |9 3 |w (DE-627)182312984 |w (DE-576)013606735 |w (DE-600)1196381-5 |x 0780-3656 |7 am | |
| 935 | |i Blocktest | ||
| 936 | r | v | |a PH 8000 |b Schriftenreihen, Serien, Kongressberichte, Sammelwerke |k Rechtswissenschaft |k Strafrecht, Strafverfahrensrecht, Kriminologie |k Kriminologie |k Allgemeines |k Schriftenreihen, Serien, Kongressberichte, Sammelwerke |0 (DE-627)127212715X |0 (DE-625)rvk/136482: |0 (DE-576)20212715X |
| 936 | r | v | |a PH 6030 |b Sonstige Einzeldarstellungen |k Rechtswissenschaft |k Strafrecht, Strafverfahrensrecht, Kriminologie |k Vergleichendes und ausländisches Straf- und Strafprozessrecht einschliesslich Strafvollzug |k Rechtsvergleich |k Sonstige Einzeldarstellungen |0 (DE-627)1272237400 |0 (DE-625)rvk/136212: |0 (DE-576)202237400 |
| 951 | |a BO | ||
| ELC | |b 1 | ||
| LOK | |0 000 xxxxxcx a22 zn 4500 | ||
| LOK | |0 001 3340975035 | ||
| LOK | |0 003 DE-627 | ||
| LOK | |0 004 115836284 | ||
| LOK | |0 005 19900718000000 | ||
| LOK | |0 008 900718||||||||||||||||ger||||||| | ||
| LOK | |0 040 |a DE-21 |c DE-627 |d DE-21 | ||
| LOK | |0 852 |a DE-21 | ||
| LOK | |0 852 1 |c KB 18 A 85 |9 00 | ||
| LOK | |0 935 |a krim | ||
| LOK | |0 936ln |a k1 | ||
| LOK | |0 939 |a 18-07-90 |b l01 | ||
| LOK | |0 000 xxxxxcx a22 zn 4500 | ||
| LOK | |0 001 3340975051 | ||
| LOK | |0 003 DE-627 | ||
| LOK | |0 004 115836284 | ||
| LOK | |0 005 20020607000000 | ||
| LOK | |0 008 940603||||||||||||||||ger||||||| | ||
| LOK | |0 040 |a DE-21-110 |c DE-627 |d DE-21-110 | ||
| LOK | |0 852 |a DE-21-110 | ||
| LOK | |0 852 1 |c S 119 3 |m p |9 00 | ||
| LOK | |0 935 |a k110 | ||
| LOK | |0 936ln |a 4.6.5 | ||
| LOK | |0 938 |k p | ||
| LOK | |0 939 |a 03-06-94 |b l01 | ||
| ORI | |a SA-MARC-krimdoka001.raw | ||
| SIG | |a IFK: S 119 3 | ||
| SIG | |a UB: KB 18 A 85 | ||
| TIM | |a 100019840101_100019841231 |b 1984 - 1984 | ||
